| 000 | 00734nam a2200241 i 4500 | ||
|---|---|---|---|
| 001 | 17440 | ||
| 003 | ES-MaACL | ||
| 005 | 20250316204104.0 | ||
| 007 | t| | ||
| 008 | 010306s2000 sp ||||1| spa d | ||
| 020 | _a84-8428-049-7 | ||
| 080 | _a821.112.2-32"19" | ||
| 100 | 0 |
_aMann, Thomas, _d1875-1955 _976055 |
|
| 245 | 1 | 3 |
_aLa voluntad de ser feliz y otros relatos / _cThomas Mann ; traducción y notas: Rosa Sala. |
| 250 | _a1ª ed. | ||
| 260 |
_aBarcelona : _bAlba, _c2000. |
||
| 300 |
_a399 p. ; _c21 cm. |
||
| 490 | 1 |
_aA clásicos modernos ; _v12 |
|
| 700 | 1 |
_aSala, Rosa. _9101656 |
|
| 830 | 0 |
_aA clásicos modernos ; _v12 _9180304 |
|
| 852 |
_aES-MaACL _jL-24360 _bR.129584 |
||
| 999 |
_c17440 _d17440 |
||